01103nam a22002297a 4500999001900000005001700019010001500036020003200051035001600083037001300099082001600112100002800128245013200156250001300288260002900301270014300330300002900473500020200502700002000704942002700724952012200751 c181390d18139020210910125315.0 aENG-129909 a978-93-9121-1134-4c2995.00 a EN-113441 bDBAD/PUB a340.0917645 aDinshaw Fardunji Mulla  aHindu Law :c by Dinshaw Fardunji Mulla , Desai, Satyajeet AbIn India,Pakistan,Bangladesh Burma,ceylon, Malaysia & Singapore/ a24th ed. bLexis NexisaIndiac2021 bGurgaone122002a14th Floor , Building No 10, Tower-B, DLF Cyber City, phase -llk+91 124 4774444l+91 124 4774100mhelp.in@lexisnexis.com av.p.c25cm(hbk)bvol.1-2 avol.1 (The hindu marriage act,1955) the Hindu succession Act,1956 The Hindu minority & Guadianship Act,1956 The Hindu Adoptions & Maintenance Act,1956  aDesai,Satyajeet 2ddccENh340.0917mDIN 001040708REFaLbLd2021-09-10eDBAD/PUBg2995.00l0o340.0917 DINpEN-113441r2021-09-10 00:00:00t1v2995.00yEN